000
00451nam a2200145Ia 4500
008
100204s9999 xx 000 0 und d
082
_b
26478
100
_a
पोटे सतेज
245
_a
जिवलग भेटी
260
_b
"मॅजेस्टिक प्रकाशन , मुंबई"
_c
2004
300
_a
108
630
_a
जिवलग भेटी
730
_a
जिवलग भेटी
942
_c
BOOK
999
_c
471659
_d
471656